MARC

Tag First Indicator Second Indicator Subfields
LEADER 00000cas a2200000 4500
001 in00000047453
008 770428c19779999enkbr p 0 a0eng c
005 20260616210202.4
010 |a  77641495   |z sc 77000714  
012 |a 2  |b 3  |e n  |k 1  |l 1  |m 1 
015 |a 014075873  |2 dnb 
016 7 |a 014075873  |2 DE-101 
016 7 |a 752358-0  |2 DE-600 
016 7 |a 101148874  |2 DNLM 
016 7 |a 007525587  |2 Uk 
019 |a 822676855  |a 995565293  |a 1011752754  |a 1065210326  |a 1144747750  |a 1167030623 
022 |a 0145-8876  |2 2 
023 0 |a 0145-8876  |2 2 
029 1 |a AU@  |b 000001069187 
029 1 |a AU@  |b 000023998465 
029 1 |a NLGGC  |b 042258642 
029 1 |a NLM  |b 101148874 
029 1 |a NZ1  |b 5013099 
029 1 |a ZWZ  |b 039088286 
029 1 |a NZ1  |b 134630 
029 1 |a UKMGB  |b 007525587 
030 |a JFPEDM 
032 |a 456490  |b USPS 
035 |z (OCoLC)822676855  |z (OCoLC)995565293  |z (OCoLC)1011752754  |z (OCoLC)1065210326  |z (OCoLC)1144747750  |z (OCoLC)1167030623 
035 |a (OCoLC)2924831 
037 |b Blackwell Publishers, Ltd., P.O. Box 1354, 9600 Garsington Rd., Oxford OX4 2XG, UK 
040 |a COO  |b eng  |c COO  |d NSD  |d DLC  |d NSD  |d DLC  |d NSD  |d OCL  |d NSD  |d NST  |d AIP  |d NST  |d AIP  |d NST  |d CAS  |d OCL  |d NLM  |d OCLCQ  |d DLC  |d OCL  |d MYG  |d NLGGC  |d LVB  |d NSD  |d UQ1  |d WAU  |d OCLCQ  |d GBVCP  |d UKMGB  |d OCLCQ  |d OCLCF  |d OCLCO  |d IUL  |d OCLCA  |d OCLCQ 
042 |a nsdp  |a pcc 
050 0 0 |a TP368  |b .J66 
082 0 4 |a 664/.005 
210 0 |a J. food process eng. 
222 0 |a Journal of food process engineering 
245 0 0 |a Journal of food process engineering. 
246 3 |a Food and Nutrition Press journal of food process engineering 
246 1 4 |a FNP journal of food process engineering  |f Jan. 1977- 
260 |a Westport, Conn.,  |b Food & Nutrition Press. 
260 3 |3 <2008-> :  |a Oxford :  |b Blackwell 
300 |a volumes  |b illustrations  |c 23 cm 
310 |a Bimonthly,  |b 2000- 
321 |a Four no. a year 
336 |a text  |b txt  |2 rdacontent 
337 |a unmediated  |b n  |2 rdamedia 
338 |a volume  |b nc  |2 rdacarrier 
362 0 |a v. 1- Jan. 1977- 
510 2 |a Chemical abstracts  |x 0009-2258  |b -1987 
650 0 |a Food industry and trade  |v Periodicals. 
650 0 |a Food  |x Analysis  |v Periodicals. 
650 6 |a Aliments  |x Industrie et commerce  |v Périodiques. 
650 6 |a Aliments  |x Analyse  |v Périodiques. 
650 7 |a Food  |x Analysis.  |2 fast  |0 (OCoLC)fst00930460 
650 7 |a Food industry and trade.  |2 fast  |0 (OCoLC)fst00930843 
650 1 7 |a Levensmiddelen.  |2 gtt 
650 7 |a Chimie alimentaire.  |2 rasuqam 
650 7 |a Industrie alimentaire.  |2 rasuqam 
650 1 7 |a Technologie alimentaire.  |2 rasuqam 
650 1 7 |a Transformation des aliments.  |2 rasuqam 
655 7 |a Periodicals.  |2 fast  |0 (OCoLC)fst01411641 
655 7 |a Périodique électronique (Descripteur de forme)  |2 rasuqam 
655 7 |a Ressource Internet (Descripteur de forme)  |2 rasuqam 
776 0 8 |i Online version:  |t Journal of food process engineering (Online)  |x 1745-4530  |w (DLC) 2005242016  |w (OCoLC)58047024 
850 |a AzU  |a CaBVaU  |a CaMWU  |a CaQmaC  |a DLC  |a DeU  |a MnSU  |a MoU  |a NN  |a OU  |a ViBlbV 
948 |h HELD BY TXA - 133 OTHER HOLDINGS 
994 |a Z0  |b TXA 
999 f f |s 55ba83c1-a5eb-3326-b3c1-84faf4eaf3f9  |i 092c9147-4568-34f9-8209-9fd307f815cd  |t 0 
952 f f |a Texas A&M University  |b Rellis Campus  |c Joint Library Facility  |d Remote Storage  |e TP368 .J86  |h Library of Congress classification  |i unmediated -- volume  |k v.1  |l 1977  |m A14816032305  |p ric  |s JLF  |t 0 
952 f f |a Texas A&M University  |b Rellis Campus  |c Joint Library Facility  |d Remote Storage  |e TP368 .J86  |h Library of Congress classification  |i unmediated -- volume  |k v.2  |l 1978  |m A14815806214  |p ric  |s JLF  |t 0 
952 f f |a Texas A&M University  |b Rellis Campus  |c Joint Library Facility  |d Remote Storage  |e TP368 .J86  |h Library of Congress classification  |i unmediated -- volume  |k v.21  |l 1998  |m A14824945910  |p ric  |s JLF  |t 0 
952 f f |a Texas A&M University  |b Rellis Campus  |c Joint Library Facility  |d Remote Storage  |e TP368 .J86  |h Library of Congress classification  |i unmediated -- volume  |k v.3  |l 1979  |m A14821580915  |p ric  |s JLF  |t 0 
952 f f |a Texas A&M University  |b Rellis Campus  |c Joint Library Facility  |d Remote Storage  |e TP368 .J86  |h Library of Congress classification  |i unmediated -- volume  |k v.11  |l 1989  |m A14812915357  |p ric  |s JLF  |t 0 
952 f f |a Texas A&M University  |b Rellis Campus  |c Joint Library Facility  |d Remote Storage  |e TP368 .J86  |h Library of Congress classification  |i unmediated -- volume  |k v.22  |l 1999  |m A14826834767  |p ric  |s JLF  |t 0 
952 f f |a Texas A&M University  |b Rellis Campus  |c Joint Library Facility  |d Remote Storage  |e TP368 .J86  |h Library of Congress classification  |i unmediated -- volume  |k v.17  |l 1994  |m A14819082139  |p ric  |s JLF  |t 0 
952 f f |a Texas A&M University  |b Rellis Campus  |c Joint Library Facility  |d Remote Storage  |e TP368 .J86  |h Library of Congress classification  |i unmediated -- volume  |k v.20  |l 1997  |m A14823510746  |p ric  |s JLF  |t 0 
952 f f |a Texas A&M University  |b Rellis Campus  |c Joint Library Facility  |d Remote Storage  |e TP368 .J86  |h Library of Congress classification  |i unmediated -- volume  |k v.23  |l 2000  |m A14828785134  |p ric  |s JLF  |t 0 
952 f f |a Texas A&M University  |b Rellis Campus  |c Joint Library Facility  |d Remote Storage  |e TP368 .J86  |h Library of Congress classification  |i unmediated -- volume  |k v.26  |l 2003  |m A14832177440  |p ric  |s JLF  |t 0 
952 f f |a Texas A&M University  |b Rellis Campus  |c Joint Library Facility  |d Remote Storage  |e TP368 .J86  |h Library of Congress classification  |i unmediated -- volume  |k v.8  |l 1985/1986  |m A14821580761  |p ric  |s JLF  |t 0 
952 f f |a Texas A&M University  |b Rellis Campus  |c Joint Library Facility  |d Remote Storage  |e TP368 .J86  |h Library of Congress classification  |i unmediated -- volume  |k v.5 -v.6  |l 1981-1982  |m A14817708577  |p ric  |s JLF  |t 0 
952 f f |a Texas A&M University  |b Rellis Campus  |c Joint Library Facility  |d Remote Storage  |e TP368 .J86  |h Library of Congress classification  |i unmediated -- volume  |k v.29  |l 2006  |m A14835099714  |p ric  |s JLF  |t 0 
952 f f |a Texas A&M University  |b Rellis Campus  |c Joint Library Facility  |d Remote Storage  |e TP368 .J86  |h Library of Congress classification  |i unmediated -- volume  |k v.14  |l 1991  |m A14817155813  |p ric  |s JLF  |t 0 
952 f f |a Texas A&M University  |b Rellis Campus  |c Joint Library Facility  |d Remote Storage  |e TP368 .J86  |h Library of Congress classification  |i unmediated -- volume  |k v.18  |l 1995  |m A14820114834  |p ric  |s JLF  |t 0 
952 f f |a Texas A&M University  |b Rellis Campus  |c Joint Library Facility  |d Remote Storage  |e TP368 .J86  |h Library of Congress classification  |i unmediated -- volume  |k v.12  |l 1990  |m A14812916468  |p ric  |s JLF  |t 0 
952 f f |a Texas A&M University  |b Rellis Campus  |c Joint Library Facility  |d Remote Storage  |e TP368 .J86  |h Library of Congress classification  |i unmediated -- volume  |k v.7  |l 1984/1985  |m A14821580818  |p ric  |s JLF  |t 0 
952 f f |a Texas A&M University  |b Rellis Campus  |c Joint Library Facility  |d Remote Storage  |e TP368 .J86  |h Library of Congress classification  |i unmediated -- volume  |k v.24  |l 2001  |m A14828785176  |p ric  |s JLF  |t 0 
952 f f |a Texas A&M University  |b Rellis Campus  |c Joint Library Facility  |d Remote Storage  |e TP368 .J86  |h Library of Congress classification  |i unmediated -- volume  |k v.16  |l 1993  |m A14818420708  |p ric  |s JLF  |t 0 
952 f f |a Texas A&M University  |b Rellis Campus  |c Joint Library Facility  |d Remote Storage  |e TP368 .J86  |h Library of Congress classification  |i unmediated -- volume  |k v.25  |l 2002  |m A14830937658  |p ric  |s JLF  |t 0 
952 f f |a Texas A&M University  |b Rellis Campus  |c Joint Library Facility  |d Remote Storage  |e TP368 .J86  |h Library of Congress classification  |i unmediated -- volume  |k v.19  |l 1996  |m A14821431988  |p ric  |s JLF  |t 0 
952 f f |a Texas A&M University  |b Rellis Campus  |c Joint Library Facility  |d Remote Storage  |e TP368 .J86  |h Library of Congress classification  |i unmediated -- volume  |k v.27  |l 2004  |m A14833719677  |p ric  |s JLF  |t 0 
952 f f |a Texas A&M University  |b Rellis Campus  |c Joint Library Facility  |d Remote Storage  |e TP368 .J86  |h Library of Congress classification  |i unmediated -- volume  |k v.9 -v.10  |l 1987-1988  |m A14812062691  |p ric  |s JLF  |t 0 
952 f f |a Texas A&M University  |b Rellis Campus  |c Joint Library Facility  |d Remote Storage  |e TP368 .J86  |h Library of Congress classification  |i unmediated -- volume  |k v.28  |l 2005  |m A14834631000  |p ric  |s JLF  |t 0 
952 f f |a Texas A&M University  |b Rellis Campus  |c Joint Library Facility  |d Remote Storage  |e TP368 .J86  |h Library of Congress classification  |i unmediated -- volume  |k v.15  |l 1992  |m A14817149511  |p ric  |s JLF  |t 0 
952 f f |a Texas A&M University  |b Rellis Campus  |c Joint Library Facility  |d Remote Storage  |e TP368 .J86  |h Library of Congress classification  |i unmediated -- volume  |k v.4  |l 1980  |m A14821580868  |p ric  |s JLF  |t 0 
952 f f |a Texas A&M University  |b Rellis Campus  |c Joint Library Facility  |d Remote Storage  |e TP368 .J86  |h Library of Congress classification  |i unmediated -- volume  |k v.13  |l 1990  |m A14817155805  |p ric  |s JLF  |t 0 
998 f f |a TP368 .J86  |s v.1-29 (1977-2006)  |t 0  |l Remote Storage